F1 Teams since 2000 - Statistics

General Stats
  • This quiz has been taken 963 times
    727 since last reset
  • The average score is 24 of 39
Answer Stats
Team Name Years Active Nationality Most Successful Driver (00 - 24) % Correct
Scuderia Ferrari 2000 - present Italy Michael Schumacher
98%
McLaren 2000 - present United Kingdom Lewis Hamilton
96%
Mercedes AMG 2010 - present Germany Lewis Hamilton
95%
Red Bull Racing 2005 - present Austria Max Verstappen
95%
Alfa Romeo Sauber 2018 Switzerland Charles Leclerc
88%
Alpine F1 Team 2021 - present France Esteban Ocon
88%
Aston Martin F1 Team 2021 - present United Kingdom Fernando Alonso
88%
Renault 2002 - 2010 2016 - 2020 France Fernando Alonso
88%
Sauber 2000 - 2005 2011 - 2017 2024 - present Switzerland Sergio Perez
86%
Haas F1 Team 2016 - present United States Kevin Magnussen
85%
Williams 2000 - present United Kingdom Juan Pablo Montoya
85%
Force India F1 Team 2008 - 2018 India Sergio Perez
77%
Alfa Romeo Racing 2019 - 2023 Switzerland Valterri Bottas
75%
Racing Bulls 2024 - present Italy Yuki Tsunoda
75%
Lotus F1 2012 - 2015 United Kingdom Kimi Raikkonen
74%
Scuderia Toro Rosso 2006 - 2019 Italy Sebastian Vettel
74%
Team Lotus 2010 - 2011 Malaysia Heikki Kovalainen
74%
Brawn GP 2009 United Kingdom Jenson Button
72%
Honda Racing 2006 - 2008 Japan Jenson Button
72%
BMW Sauber 2006 - 2010 Germany Robert Kubica
69%
Scuderia AlphaTauri 2020 - 2023 Italy Pierre Gasly
69%
Racing Point 2018 - 2020 United Kingdom Sergio Perez
65%
Toyota Racing 2002 - 2009 Japan Jarno Trulli
65%
Jordan 2000 - 2005 Ireland Giancarlo Fisichella
50%
Benetton 2000 - 2001 Italy Giancarlo Fisichella
48%
Jaguar Racing 2000 - 2004 United Kingdom Eddie Irvine
47%
Marussia Racing 2012 - 2014 Russia Jules Bianchi (RIP)
46%
Minardi 2000 - 2005 Italy Patrick Freisacher
46%
British American Racing 2000 - 2005 United Kingdom Jenson Button
40%
Caterham F1 Team 2012 - 2014 Malaysia Heikki Kovalainen
38%
Hispania Racing Team 2010 - 2012 Spain N/A
38%
Manor Racing 2015 - 2016 United Kingdom Pascal Wehrlein
35%
Prost 2000 - 2001 France Jean Alesi
34%
Arrows 2000 - 2002 United Kingdom Jos Verstappen
33%
Spyker 2007 Netherlands Adrian Sutil
28%
Virgin Racing 2010 - 2011 United Kingdom Timo Glock
28%
Super Aguri 2006 - 2008 Japan Takuma Sato
25%
Midland F1 2006 Russia Tiago Monteiro
17%
Lotus Renault 2011 United Kingdom Nick Heidfeld
16%
No matching quizzes found
Score Distribution
Percent of People with Each Score
Percentile by Number Answered
Your Score History
You have not taken this quiz since the last reset